| 000 | 00443cam a2200169ua 4500 | ||
|---|---|---|---|
| 041 |
_aeng _h |
||
| 082 |
_a823.308 _bSCO/OL |
||
| 100 | _aScott, Walter . | ||
| 245 |
_aOld Mortality / _cWalter Scott. _hTextual Documents |
||
| 260 |
_aLondon : _bJ M Dent and Sons Ltd , _c1960. |
||
| 300 | _a459 ; . | ||
| 440 | 0 |
_aEveryman`s library, _v137 _x; |
|
| 490 | 0 |
_aEveryman`s library, _v137 _x; |
|
| 504 | _a | ||
| 942 | _cBK | ||
| 999 |
_c1038 _d1038 |
||